Statistics for Prime Ministers of Sri Lanka

Click here to take the quiz!

General Stats

  • This quiz has been taken 5 times
  • The average score is 17 of 26

Answer Stats

Term in OfficeAnswer% Correct
1994Chandrika Kumaratunga
75%
1947-1952D.S. Senanayake
75%
1952-1953Dudley Senanayake
75%
1960Dudley Senanayake
75%
1965-1970Dudley Senanayake
75%
1953-1956John Kotelawala
75%
1977-1978J.R. Jayewardene
75%
2019-2022Mahinda Rajapaksa
75%
2018Mahinda Rajapaksa
75%
2004-2005Mahinda Rajapaksa
75%
1978-1989Ranasinghe Premadasa
75%
1994-2000Sirimavo Bandaranaike
75%
1970-1977Sirimavo Bandaranaike
75%
1960-1965Sirimavo Bandaranaike
75%
1959-1960Wijeyananda Dahanayake
75%
1989-1993D.B. Wijetunga
50%
2010-2015D.M. Jayaratne
50%
1993-1994Ranil Wickremesinghe
50%
2001-2004Ranil Wickremesinghe
50%
2015-2018Ranil Wickremesinghe
50%
2018-2019Ranil Wickremesinghe
50%
2022Ranil Wickremesinghe
50%
2000-2001Ratnasiri Wickremanayake
50%
2005-2010Ratnasiri Wickremanayake
50%
1956-1959S.W.R.D. Bandaranaike
50%
2022-Dinesh Gunawardena
25%

Score Distribution

Percentile by Number Answered

Percent of People with Each Score

Your Score History

You have not taken this quiz